Pathology Integrated: (Record no. 722)

MARC details
000 -LEADER
fixed length control field 01174cam a22003497a 4500
001 - CONTROL NUMBER
control field 12518745
003 - CONTROL NUMBER IDENTIFIER
control field OSt
005 - DATE AND TIME OF LATEST TRANSACTION
control field 20231010133726.0
008 - FIXED-LENGTH DATA ELEMENTS--GENERAL INFORMATION
fixed length control field 010829s2000 enka bf 000 0 eng d
010 ## - LIBRARY OF CONGRESS CONTROL NUMBER
LC control number 2001272796
015 ## - NATIONAL BIBLIOGRAPHY NUMBER
National bibliography number GB99-W6392
016 7# - NATIONAL BIBLIOGRAPHIC AGENCY CONTROL NUMBER
Record control number 100953688
Source DNLM
020 ## - INTERNATIONAL STANDARD BOOK NUMBER
International Standard Book Number 0340740639
020 ## - INTERNATIONAL STANDARD BOOK NUMBER
International Standard Book Number 0340760672 (international students' ed.)
035 ## - SYSTEM CONTROL NUMBER
System control number (OCoLC)ocm43907933
040 ## - CATALOGING SOURCE
Original cataloging agency NLM
Transcribing agency NLM
Modifying agency OS2
-- UKM
-- DLC
042 ## - AUTHENTICATION CODE
Authentication code lccopycat
050 00 - LIBRARY OF CONGRESS CALL NUMBER
Classification number RB118
Item number .P38 2000
060 00 - NATIONAL LIBRARY OF MEDICINE CALL NUMBER
Classification number 2000 E-527
060 10 - NATIONAL LIBRARY OF MEDICINE CALL NUMBER
Classification number QZ 39
Item number P297 2000
082 00 - DEWEY DECIMAL CLASSIFICATION NUMBER
Classification number QZ 40 P27p 2000
Edition number 21
100 ## - MAIN ENTRY--PERSONAL NAME
Personal name Lydyard, Peter M.; [et...al]
9 (RLIN) 16734
245 00 - TITLE STATEMENT
Title Pathology Integrated:
Remainder of title an A-Z of disease and its pathogenesis
260 ## - PUBLICATION, DISTRIBUTION, ETC. (IMPRINT)
Place of publication, distribution, etc. London :
Name of publisher, distributor, etc. Oxford University Press,
Date of publication, distribution, etc. 2000.
300 ## - PHYSICAL DESCRIPTION
Extent ix, 281 p. :
Other physical details ill. (chiefly col.) ;
Dimensions 28 cm.
504 ## - BIBLIOGRAPHY, ETC. NOTE
Bibliography, etc Includes bibliographical references (p. [vi]).
650 #0 - SUBJECT ADDED ENTRY--TOPICAL TERM
Topical term or geographic name as entry element Pathology
9 (RLIN) 1919
856 42 - ELECTRONIC LOCATION AND ACCESS
Materials specified Publisher description
Uniform Resource Identifier http://www.loc.gov/catdir/enhancements/fy0611/2001272796-d.html
906 ## - LOCAL DATA ELEMENT F, LDF (RLIN)
a 7
b cbc
c copycat
d 2
e ncip
f 20
g y-gencatlg
942 ## - ADDED ENTRY ELEMENTS (KOHA)
Source of classification or shelving scheme Other/Generic Classification Scheme
Koha item type Short Loan
Holdings
Withdrawn status Lost status Source of classification or shelving scheme Damaged status Not for loan Home library Current library Date acquired Source of acquisition Inventory number Total Checkouts Full call number Barcode Date last seen Koha item type
    Other/Generic Classification Scheme     MUST Main Library MUST Main Library 07/11/2014 Donation 05/232557   QZ 40 P27p 2000 2014-3326 07/11/2014 Short Loan
    Other/Generic Classification Scheme     MUST Main Library MUST Main Library 07/11/2014 Donation 03/20397   QZ 40 P27p 2000 2014-3327 07/11/2014 Short Loan